Agency Adda: The Ultimate Agency Blueprint (Record no. 46490)
[ view plain ]
| 000 -LEADER | |
|---|---|
| fixed length control field | 00428nam a22001697a 4500 |
| 005 - DATE AND TIME OF LATEST TRANSACTION | |
| control field | 20250829132702.0 |
| 008 - FIXED-LENGTH DATA ELEMENTS--GENERAL INFORMATION | |
| fixed length control field | 250829b |||||||| |||| 00| 0 eng d |
| 020 ## - INTERNATIONAL STANDARD BOOK NUMBER | |
| International Standard Book Number | 9798896995067 |
| 041 ## - LANGUAGE CODE | |
| Language code of text/sound track or separate title | eng |
| 082 ## - DEWEY DECIMAL CLASSIFICATION NUMBER | |
| Classification number | 658 PUR |
| 100 ## - MAIN ENTRY--PERSONAL NAME | |
| Author | Purohit, Archana |
| 245 ## - TITLE STATEMENT | |
| Title | Agency Adda: The Ultimate Agency Blueprint |
| 260 ## - PUBLICATION, DISTRIBUTION, ETC. | |
| Place | India |
| Publisher | Notion Press |
| Publication Year | 2025 |
| 300 ## - PHYSICAL DESCRIPTION | |
| Extent | 178;. p 21 cm |
| 650 ## - SUBJECT ADDED ENTRY--TOPICAL TERM | |
| Subject | Agency Blueprint |
| 942 ## - ADDED ENTRY ELEMENTS (KOHA) | |
| Koha item type | Books |
| Withdrawn status | Lost status | Source of classification or shelving scheme | Damaged status | Not for loan | Home library | Current library | Shelving location | Accession Date | Price | Total Checkouts | Full call number | Barcode No | Date last seen | Date last checked out | Bill Date | Koha item type | Suggested By |
|---|---|---|---|---|---|---|---|---|---|---|---|---|---|---|---|---|---|
| Dewey Decimal Classification | IMTN | IMTN | Rack 22-B | 08/29/2025 | 480.00 | 1 | 658 PUR | 33955 | 10/10/2025 | 10/05/2025 | 08/29/2025 | Books | Gifted by Dr. Rajneesh Chauhan (Director IMT) |